000 00618nam a22002057a 4500
005 20251108164116.0
008 250721s1983 xx 000 0 ara d
082 1 4 _a155.91/برج
100 1 _aبرجسون، هنري
245 1 0 _aالضحك :
_bبحث في دلالة المضحك /
250 _aط3.
264 1 _aبيروت :
_bدار العلم للملايين،
_c1983.
300 _a160ص
650 1 7 _aالضحك
650 1 7 _aعلم النفس
700 1 _aالدروبي، سامي
_eترجمة
700 1 _aعبد الدائم، عبد الله
_eترجمة
942 _2ddc
_cBK
999 _c3828
_d3828